000 01466nam a2200217Ia 4500
999 _c36790
_d36790
001 2730
003 GE_BSU
005 20190605203439.0
008 181216s2011||||ge |||||||||||||| ||geo||
040 _cGE_BSU
041 _ageo
080 _a657(075.8) გ–82
100 _aგრიგალაშვილი, ლევან
_9870
245 _aსაბიუჯეტო ორგანიზაციების ბუღალტრული აღრიცხვა : საბიუჯეტო ორგანიზაციების აღრიცხვა. საჯარო სამართლის იურიდიული პირების აღრიცხვა. არასამრეწველო იურიდიული პირების აღრიცხვა. საგადასახადო დეკლარაციები. ბუღალტრული გატარებები :
_bსახელმძღვ. /
_cლევან გრიგალაშვილი ; რედ. ვასილ გიგოლაშვილი.
260 _aთბილისი
260 _c2009
300 _a206 გვ.;
_b20სმ.
653 _aბუღალტრული აღრიცხვა საბიუჯეტო ორგანიზაციებში
700 _aგიგოლაშვილი, ვასილ
_eრედაქტორი
_92200
942 _cBK
_2udc